Del juego a la práctica deportiva en clubes sociales y deportivos barriales como espacios de inclusión social (Record no. 175675)

MARC details
000 -CABECERA
campo de control de longitud fija 02031cab a2200253 ab4500
005 - FECHA Y HORA DE LA ÚLTIMA TRANSACCIÓN
campo de control 20221118063927.0
008 - ELEMENTOS DE LONGITUD FIJA--INFORMACIÓN GENERAL
campo de control de longitud fija 991125c2014 ag fr p o 000 0 spa d
035 ## - NÚMERO DE CONTROL DEL SISTEMA
Número de control de sistema UPN01000203574
040 ## - FUENTE DE LA CATALOGACIÓN
Centro catalogador/agencia de origen MX-MxUPN
Lengua de catalogación spa
Centro/agencia transcriptor MX-MxUPN
Normas de descripción aacr2
049 ## - COLECCIÓN
Colección ART-E
100 1# - ASIENTO PRINCIPAL--NOMBRE PERSONAL
Nombre de persona Aguiriano, Vanina Mariela
100 1# - ASIENTO PRINCIPAL--NOMBRE PERSONAL
Nombre de persona Luzzi, Ana María
245 10 - MENCIÓN DE TÍTULO
Título Del juego a la práctica deportiva en clubes sociales y deportivos barriales como espacios de inclusión social
Medio [recurso electrónico en línea]
506 0# - NOTA DE RESTRICCIONES AL ACCESO
Limitaciones de acceso Acceso abierto
520 3# - NOTA DE RESUMEN, ETC.
Sumario, etc. Este artículo describe el marco conceptual de un estudio sobre la importancia del juego y la práctica deportiva para el desarrollo de los niños/niñas, se presentan las hipótesis principales y los resultados preliminares de una investigación empírica sobre los factores que dificultan que los niños puedan acceder o permanecer en espacios sociales deportivos y recreativos. La investigación está vinculada con las actividades de extensión de una cátedra universitaria que se realizan en el Servicio de Psicología Clínica de Niños (SPCN), Partido de Avellaneda, Pcia. de Buenos Aires. Se efectúa un estudio exploratorio de 260 historias clínicas de niños/as escolarizados entre 6 y 12 años de edad, que consultaron en el período 2011- 2013. Se relevan los datos que informan si los niños/as realizan actividades deportivas y recreativas, la modalidad y la valoración de estas actividades por parte de los adultos responsables. Los resultados preliminares indican que un escaso porcentaje de niños/as desarrollan estas actividades, a pesar de la existencia de numerosos espacios sociales deportivos y de recreación en la localidad.
650 #2 - ASIENTO SECUNDARIO DE MATERIA - TERMINO TEMATICO
Término de materia o nombre geográfico como elemento de entrada Deportes
9 (RLIN) 12162
653 0# - TERMINO DE INDIZACION - NO CONTROLADO
Término no controlado CLUBES SOCIALES
653 0# - TERMINO DE INDIZACION - NO CONTROLADO
Término no controlado INCLUSION SOCIAL
773 ## - ENLACE AL DOCUMENTO FUENTE/ENTRADA DE REGISTRO ANFITRIÓN
Parte(s) relacionada(s) Vol. 3, no. 6 (2014)
Título Lúdicamente
Número Internacional Normalizado para Publicaciones Seriadas 2250-723X
856 4# - LOCALIZACIÓN Y ACCESO ELECTRÓNICOS
Identificador Uniforme del Recurso <a href="https://publicaciones.sociales.uba.ar/index.php/ludicamente/article/view/4257">https://publicaciones.sociales.uba.ar/index.php/ludicamente/article/view/4257</a>
902 ## - ELEMENTOS DE DATOS B LOCAL, LDB (RLIN)
Creó Leonor Sotres
Modificó Leonor Sotres/031022/M
905 ## - TIPO DE MATERIAL
Tipo de material Articulo
942 ## - ELEMENTOS DE PUNTO DE ACCESO ADICIONAL (KOHA)
Tipo de ítem Koha Artículo Electrónico
Holdings
Estado de retiro Estado de pérdida Estado dañado No para préstamo Código de colección Localización permanente Ubicación/localización actual Ubicación en estantería Fecha de adquisición Total de préstamos Fecha visto por última vez Identificador Uniforme del Recurso Precio válido a partir de Tipo de ítem Koha
        Acceso abierto Bib. Gregorio Torres Quintero Bib. Gregorio Torres Quintero En línea 03/10/2022   03/10/2022 https://publicaciones.sociales.uba.ar/index.php/ludicamente/article/view/4257 03/10/2022 Artículo Electrónico